Movies Quiz

Random Movies or Oscar Quiz

Oscar Nominees in the 1990s and 2010s Quiz Stats

 Plays Quiz not verified by Sporcle

Challenge
Share
Tweet
Embed
Score 0/24 Timer 10:00
0 Plays Today
Years Actor % Correct
1990, 1995, 1998, 1999, 2011*, 2013, 2014, 2016, 2017Meryl Streep
93.8%
1993, 2013, 2015*Leonardo DiCaprio
90%
1995, 1997, 2016 Kate Winslet
85.4%
1993, 2012*, 2017 Daniel Day-Lewis
83.8%
1998, 2013*, 2015 Cate Blanchett
81.5%
1992, 1999, 2012, 2016, 2017Denzel Washington
80%
1997, 2015Matt Damon
79.2%
1997, 1998*, 2013Judi Dench
79.2%
1997, 1999, 2014*Julianne Moore
78.5%
1996, 2017Woody Harrelson
77.8%
1990, 2012Robert De Niro
76.9%
1991, 1993*, 2012Tommy Lee Jones
76.2%
Years Actor % Correct
1996*, 1998, 2010Geoffrey Rush
76.2%
1997*, 2012Helen Hunt
75.4%
1990, 2013 Julia Roberts
72.3%
1996*Frances McDormand
72.2%
1990, 1999, 2010Annette Bening
70.8%
1995, 2011Brad Pitt
69.2%
1997, 2010Helena Bonham Carter
58.5%
1991, 1998, 2011Nick Nolte
53.8%
1991, 2014Laura Dern
53.8%
1997, 1998, 2014Robert Duvall
53.1%
1996, 1998, 2014Edward Norton
50.8%
1999, 2011Janet McTeer
45.4%

You're not logged in!

Compare scores with friends on all Sporcle quizzes.
Join for Free
OR
Log In

You Might Also Like...

Show Comments

Extras

Top Quizzes Today


Score Distribution

Your Account Isn't Verified!

In order to create a playlist on Sporcle, you need to verify the email address you used during registration. Go to your Sporcle Settings to finish the process.

Report this User

Report this user for behavior that violates our Community Guidelines.

Details: